Les stars Disney Channel ayant vendu le plus d'albums - Statistiques

Statistiques générales
  • Ce quiz a été pris 589 fois
    358 depuis la dernière actualisation
  • Le résultat moyen est 6 sur 11
Statistiques - réponses
Nombre d'albums vendus Show Disney Channel Artiste % Correct
57 millions Les Sorciers de Waverly Place Selena Gomez
95%
75 millions Hannah Montana Miley Cyrus
89%
17 millions Jonas Brothers: Living the Dream Jonas Brothers
86%
80 millions Camp Rock Demi Lovato
83%
2 millions Le Monde de Riley Sabrina Carpenter
77%
20 millions High School Musical: The Musical: The Series Olivia Rodrigo
51%
120 millions Mickey Mouse Club Britney Spears
33%
88 millions Mickey Mouse Club Justin Timberlake
28%
15 millions Lizzie McGuire Hilary Duff
23%
90 millions Mickey Mouse Club Christina Aguilera
17%
2 millions The Cheetah Girls Cheetah Girls
10%
Aucun quiz correspondant
Distribution des résultats
% des personnes avec chaque résultat
Percentile par nombre de réponses
Votre historique - résultats
Vous n’avez pas pris ce quiz depuis la dernière actualisation